Guess The Singer... 100 Songs - Statistics

General Stats
  • This quiz has been taken 481 times
  • The average score is 31 of 100
Answer Stats
Song Artist % Correct
24k Magic Bruno Mars
78%
Firework Katy Perry
74%
Umbrella Rihanna
74%
God's Plan Drake
73%
Billie Jean Michael Jackson
73%
Hips Don't Lie Shakira
70%
Blinding Lights The Weeknd
70%
Yummy Justin Bieber
66%
Toxic Britney Spears
65%
Jolene Dolly Parton
64%
Cheap Thrills SIA
63%
Easy On Me Adele
62%
You Need To Calm Down Taylor Swift
62%
Perfect Ed Sheeran
60%
deja vu Olivia Rodrigo
60%
Another One Bites The Dust Queen
59%
Crazy In Love Beyonce
57%
Positions Ariana Grande
56%
Smells Like Teen Spirit Nirvana
56%
Hey Jude The Beatles
56%
I Want It That Way Backstreet Boys
55%
Godzilla Eminem
52%
Whistle Flo Rida
48%
Adore You Harry Styles
47%
Starting 2000s Section: In Da Club 50 Cent
46%
Someone You Loved Lewis Capaldi
45%
Yeah! Usher
44%
Lucid Dreams Juice WRLD
43%
Kiss Me More Doja Cat
42%
Humble. Kendrick Lamar
42%
Yellow Coldplay
40%
Hollaback Girl Gwen Stefani
40%
American Idiot Green Day
39%
Truth Hurts Lizzo
39%
Bye Bye Bye NSYNC
39%
Hey Ya! Outkast
39%
Sad! XXX Tentacion
39%
Uptown Funk Mark Ronson
38%
Work From Home Fifth Harmony
37%
Drop It Like Its Hot Snoop Dogg
36%
You Proof Morgan Wallen
33%
99 Problems Jay-Z
31%
Hot In Herre Nelly
30%
First Class Jack Harlow
29%
You Shook Me All Night Long AC/DC
28%
When It Rains It Pours Luke Combs
28%
Like A Rolling Stone Bob Dylan
27%
The Box Roddy Ricch
27%
How Do You Sleep? Sam Smith
27%
*Starting Rap Section: Goosebumps Travis Scott
27%
Up Cardi B
25%
Jump Van Halen
25%
Smoke On The Water Deep Purple
24%
Tennessee Whiskey Chris Stapleton
23%
NO Megan Trainor
22%
Comfortably Numb Pink Floyd
22%
Beautiful Day U2
22%
10,000 Hours Dan+Shay
20%
Go Your Own Way Fleetwood Mac
20%
Dirt Road Anthem Jason Aldean
20%
Starting Country Genre: Rock And A Hard Place Bailey Zimmerman
19%
hot girl bummer blackbear
19%
H.O.L.Y. Florida Georgia Line
19%
Starting Pop Section: Heat Waves Glass Animals
18%
Purple Haze Jimi Hendrix
18%
Use Somebody Kings Of Leon
18%
Fancy Like Walker Hayes
18%
Dirt On My Boots Jon Pardi
17%
Whole Lotta Love Led Zeppelin
17%
Dior Pop Smoke
17%
Ransom Lil Tecca
16%
Kill The Lights Luke Bryan
16%
A Lot 21 Savage
15%
A Milli Lil Wayne
15%
Get Ur Freak On Missy Elliot
15%
Dirty Laundry Carrie Underwood
14%
I Hope Gabby Barrett
13%
Blueberry Faygo Lil Mosey
13%
Some Beach Blake Shelton
12%
Drunk On A Plane Dierks Bentley
12%
My Love Justin Timberlake
12%
Holiday Lil Nas X
12%
Sunshine Of Your Love Cream
11%
Shotta Flow NLE Choppa
11%
The Bigger Picture Lil Baby
10%
Starting Rock Section: Rockstar Nickelback
10%
Kryptonite Three Doors Down
10%
Wild As Her Corey Kent
9%
Peephole Dababy
9%
Rapstar Polo G
9%
7500 OBO Tim McGraw
9%
Best Of You Foo Fighters
8%
Singles You Up Jordan Davis
8%
New Truck Dylan Scott
7%
The Middle Jimmy Eat World
7%
Good As You Kane Brown
7%
Calling My Phone Lil Tjay
6%
2055 Sleepy Hollow
5%
Hustlin' Rick Ross
3%
Clap Back Ja Rule
1%
No matching quizzes found
Score Distribution
Percent of People with Each Score
Percentile by Number Answered
Your Score History
You have not taken this quiz